000 00673nam a2200205Ia 4500
003 IN-BaIIA
008 211028s9999 xx s 000 0 eng d
020 _a2-86883-881-2 (Online)
022 _a1633-4760 (Print)
022 _a1638-1963 (Online)
040 _cIIA Library
100 _aOrtiz-Gil, A., ed.
_938147
245 0 _aTeaching and Communicating Astronomy – JENAM'04
_h[eBook]
260 _aFrance
_bEDP Sciences
_c2005
300 _av, 262p.
490 _aEAS Publications Series
700 _aMartinez, V., ed.
_938148
856 _uhttps://www.eas-journal.org/articles/eas/abs/2005/03/contents/contents.html
_yClick Here to Access eBook
942 _cEB
999 _c20610
_d20610